02391cam a2200313 a 450000100090000000300050000900500170001400800410003101000170007202000290008903500200011804000230013804200080016105000240016906000130019308200130020624502050021925000120042426000410043630000460047750000510052350505820057452006050115665000310176165000750179265000460186770000290191377601350194217667552PILC20150804153841.0130319s2013 caua b 001 0 eng  a 2013011323 a9781118505632 (hardback) a(DNLM)101604371 aDNLM/DLCcDLCdDLC apcc00aRA 971.3b.T73 201310aW 84 AA100a362.106800aTransforming health care leadership :ba systems guide to improve patient care, decrease costs, and improve population health /cMichael Maccoby, Clifford L. Norman, C. Jane Norman, Richard Margolies. a1st ed. aSan Francisco :bJossey-Bass,c2013. axxx, 384 pages :billustrations ;c24 cm. aIncludes bibliographical references and index.0 aIntroduction : from management myths to strategic intelligence -- Why and how health care organizations need to change -- Leading health care change -- Developing a leadership philosophy -- Leading with strategic intelligence and profound knowledge -- Changing health care systems with systems thinking -- Statistical thinking for health care leaders -- Understanding the psychology of collaborators -- A health care leader's role in building knowledge -- Three case studies : mastering change -- Leading change : first steps in employing strategic intelligence to get results. a"Health care organizations are challenged to improve care at the bedside for patients, learn from individual patients to improve population health, and reduce per capita costs. To achieve these aims, leaders are needed in all parts of the organization need positive solutions. Transforming Health Care Leadership provides healthcare leaders with the knowledge and tools to master the unprecedented level of change that health care organizations and their leaders now face. It also challenges management myths that served in bureaucracies but mislead in learning organizations"--Provided by publisher.22aLeadershipzUnited States.12aDelivery of Health Carexorganization & administrationzUnited States.22aOrganizational InnovationzUnited States.1 aMaccoby, Michael,d1933-08iOnline version:tTransforming health care leadershipb1st ed.dSan Francisco : Jossey-Bass, c2013z9781118603994w(DLC) 2013012230